000 02320nam a22002297a 4500
001 6645
003 FISKH
005 20250519101649.0
008 250516b cb ||||| |||| 00| 0 eng d
040 _aFISKH
_bkhr
_cFISKH
_dFISKH
082 _a398.209596
100 _aAnonymous
245 _aមាយាស្រី :
_bបុរសកំជិលមានប្រពន្ធគ្រប់លក្ខណ៏ ,ស្រីមាយាដកខ្ញី ,ស្រីក្ងោកមាស
_cBy Anonymous
260 _aភ្នំពេញ :
_bអុឺង លាងគីម ,
_c២០១០.
300 _a28 pages :
_billustrations ;
_c20 cm .
520 _aគឺជាសៀវភៅបណ្តុំរឿងព្រេងបុរាណជាច្រើនដែលរួមបញ្ចូលរឿងនិទានពេញនិយមមកពីបងប្អូនជនរួមជាតិខ្មែរ។ សៀវភៅនេះត្រូវបានរៀបរៀងឡើងដោយ ក្រុមជំនុំទំនៀមទំលាប់ខ្មែរ ដើម្បីថែរក្សា និងផ្សព្វផ្សាយអរិយធម៌និងតម្លៃសង្គមខ្មែរតាមរយៈរឿងព្រេងប្រពៃណី។សៀវភៅនេះសមស្របសម្រាប់សិស្ស និស្សិត និងអ្នកស្រាវជ្រាវអំពីវប្បធម៌ខ្មែរ បំណងចង់ស្គាល់ពីបែបបទនៃរឿងព្រេងប្រជាជន និងស្នាដៃបុរាណខ្មែរ។
520 _aIs a compilation of many traditional stories that includes popular folk narratives passed down by the Khmer people. This book was compiled by the Khmer Customs and Traditions Group with the aim of preserving and promoting Khmer culture and societal values through traditional folktales. It is well-suited for students, researchers, and anyone interested in Khmer culture who wish to learn about the forms of traditional folklore and the literary heritage of the Cambodian people.
650 _aរឿងព្រេងខ្មែរ
650 _aKhmer Folklore
942 _2ddc
_cKHB
_n0
999 _c6645
_d6645